| 000 | 005300000a22001690004500 | ||
|---|---|---|---|
| 041 | 0 | _aSPA | |
| 082 | 0 | 4 | _aG 282.2 D417m |
| 100 | 1 | _aDenzinger, Enrique | |
| 245 | 1 | 0 | _aEl magisterio de la iglesia : Manual de los símbolos, definiciones y declaraciones de la iglesia en materia de fe y costumbres / Enrique Denzinger |
| 260 | _aBarcelona, España : Herder | ||
| 300 | _a99 Pag | ||
| 001 | 8670 | ||
| 942 | _cBK | ||
| 999 |
_c38803 _d38803 |
||
| 336 |
_atexto _btxt _2rdacontent |
||
| 337 |
_2rdamedia _asin mediación _bn |
||
| 338 |
_2rdacarrier _avolumen _bnc |
||